বিশ শতকের সাহিত্যত্ত্ব / (Record no. 71734)
[ view plain ]
| 000 -LEADER | |
|---|---|
| fixed length control field | 00863nam a2200229 a 4500 |
| 001 - CONTROL NUMBER | |
| control field | 71734 |
| 003 - CONTROL NUMBER IDENTIFIER | |
| rucl marc code | BD-RjUL |
| 005 - DATE AND TIME OF LATEST TRANSACTION | |
| control field | 20211209082144.0 |
| 008 - FIXED-LENGTH DATA ELEMENTS--GENERAL INFORMATION | |
| fixed length control field | 170507s1991 bg |||| |||| 000 0 ben d |
| 020 ## - INTERNATIONAL STANDARD BOOK NUMBER | |
| Terms of availability | : Tk. 90.00 |
| 035 ## - SYSTEM CONTROL NUMBER | |
| System control number | (BD-RjUL)71950 |
| 040 ## - CATALOGING SOURCE | |
| Original cataloging agency | BD-RjUL |
| Language of cataloging | ben |
| Transcribing agency | BD-RjUL |
| Modifying agency | BD-RjUL |
| 041 ## - LANGUAGE CODE | |
| Language code of text/sound track or separate title | ben |
| 082 ## - DEWEY DECIMAL CLASSIFICATION NUMBER | |
| Edition number | 23 |
| Classification number | 801.950904 |
| Author mark and year | JEB 1991 |
| 100 1# - MAIN ENTRY--PERSONAL NAME | |
| Personal name | জেফারসন, অ্যান |
| 9 (RLIN) | 212229 |
| 245 1# - TITLE STATEMENT | |
| Title | বিশ শতকের সাহিত্যত্ত্ব / |
| Statement of responsibility, etc. | অ্যান জেফারসন .. [অন্যান] |
| 260 ## - PUBLICATION, DISTRIBUTION, ETC. (IMPRINT) | |
| Place of publication, distribution, etc. | ঢাকা : |
| Name of publisher, distributor, etc. | বাংলা একাডেমী, |
| Date of publication, distribution, etc. | ১৯৯১ [১৩৯৭] |
| 300 ## - PHYSICAL DESCRIPTION | |
| Pagination | ৩৫৬ পৃ. ; |
| Size | ২৭ সেমি. |
| 650 ## - SUBJECT ADDED ENTRY--TOPICAL TERM | |
| Topical term or geographic name as entry element | সাহিত্য |
| General subdivision | দর্শনশাস্ত্র |
| 9 (RLIN) | 212230 |
| Topical term or geographic name as entry element | Literature |
| General subdivision | Philosophy |
| 9 (RLIN) | 137196 |
| 942 ## - ADDED ENTRY ELEMENTS (KOHA) | |
| Source of classification or shelving scheme | Dewey Decimal Classification |
| Koha item type | Books |
| Lost status | Source of classification or shelving scheme | Damaged status | Not for loan | Collection code | Permanent Location | Current Location | Shelving location | Date acquired | Source of acquisition | Cost, normal purchase price | Total Checkouts | Full call number | Date last seen | Copy number | Koha item type |
|---|---|---|---|---|---|---|---|---|---|---|---|---|---|---|---|
| Dewey Decimal Classification | Not For Loan | Non-fiction | Central Library, University of Rajshahi | Central Library, University of Rajshahi | Reading Room | 12/03/1991 | Bangla Academi, Dhaka | 90.00 | B 801.950904 JEB 1991 | 07/05/2017 | C-1 | Books |